000 00867nam a22002297a 4500
005 20080708112841.0
008 080708t xxu||||| |||| 00| 0 eng d
010 _aENG-90475
020 _a8131304006
_c495.00
035 _aEN-74008
037 _bDBAD / PUB
040 _aDPL
_bEN
082 _a333.707
100 _aTabin, Shagoon
245 _aEnvironment education:
_cby Shagoon Tabin
_b[environment and technology] /
260 _aNew Delhi
_bAPH Publishing Corporation
_c2008
270 _a4435-36/7, Ansari Raod, Darya Ganj,
_bNew Delhi
_e110002
300 _axxii, 193p.
_c23 cm (Hb)
500 _aIncludes bibliographical references
942 _2ddc
_cEN
_h333.707
_mTAB
999 _c14268
_d14268